000 00441nam a2200169Ia 4500
008 230711s9999||||xx |||||||||||||| ||und||
020 _a978-0-06-124197-0
041 _aENG
082 _a724.7
_bVI-S
100 _aSánchez Vidiella,Àlex
245 4 _aThe sourcebook of contemporary Architecture
250 _a13th Ed.
260 _c2007
_aNew York
_bCollins Design Publishers
300 _a600p.
650 _aArchitecture
942 _cBK
999 _c6439
_d6439